Elenca la formazione - Quiz n°60 - Statistics

Statistiche generali
  • Questo quiz è stato fatto 77 volte
  • Il punteggio medio è 10 su 11
Statistiche sulle risposte
Ruolo Nazione Calciatore % Corretto
Attaccante Portogallo Cristiano Ronaldo
100%
Attaccante Francia Karim Benzema
99%
Difensore Spagna Sergio Ramos
99%
Attaccante Galles Gareth Bale
97%
Portiere Spagna Iker Casillas
97%
Centrocampista Germania Toni Kroos
97%
Difensore Brasile Marcelo
96%
Difensore Portogallo Pepe
96%
Difensore Spagna Daniel Carvajal
94%
Centrocampista Colombia James Rodríguez
88%
Centrocampista Spagna Isco
73%
Nessun quiz corrispondente trovato
Distribuzione punteggi
Percentuale di utenti per punteggio
Percentile per numero di risposta
I tuoi punteggi nel tempo
Non hai fatto questo quiz